000 00903nam a22002415i 4500
001 162871
003 ES-MaACL
005 20251015063142.0
008 961011s1799 fr |||| | fre d
040 _aCLM
_bspa
_cCLM
100 1 _aRacine, Jean,
_d1639-1699
_994887
245 1 0 _aOeuvres de Jean Racine
_b: tome second.
250 _aEdition stereotype.
260 _aA Paris :
_bde l'imprimerie de P. Didot L'ain,
_can VII.
300 _a288 p. ;
_c12@ alargado.
596 _aAn VII se corresponde con 1799.
596 _aMarca tip. en port.
597 _aSign.: []\p4\s, 2-24\p6\s, 25\p2\s.
597 _aAntep.
852 _aES-MaACL
_jR-1694-98
_z-- Enc. pasta espaƱola
_x-- Olim: F-698-702
852 _aES-MaACL
_jR-1673
_z-- Enc. pasta espaƱola
_x-- Olim: F-621
_x-- T597: Sign:[1]\p4\s, 2-24\p6\s, 25\p2\s
_x Olim: F-620-24
999 _c162871
_d162871